Alle Wasser-Pokemon - Statistiken

Allgemein
  • Dieses Quiz wurde 271 mal gespielt
    270 seit der letzten Aktualisierung
  • Das Durchschnittsergebnis liegt bei 90 aus 156
Antwortstatistiken
Pokedex-Nummer Pokemon 2. Typ % Korrekt
0007 Schiggy
100%
0009 Turtok
100%
0008 Schillok
99%
0130 Garados Flug
94%
0129 Karpador
93%
0062 Quappo Kampf
93%
0061 Quaputzi
90%
0060 Quapsel
89%
0072 Tentacha Gift
89%
0073 Tentoxa Gift
89%
0134 Aquana
88%
0121 Starmie Psycho
88%
0120 Sterndu
88%
0158 Karnimani
87%
0118 Goldini
85%
0258 Hydropi
85%
0086 Jurob
85%
0131 Lapras Eis
85%
0393 Plinfa
85%
0119 Golking
84%
0260 Sumpex Boden
84%
0395 Impoleon Stahl
83%
0087 Jugong Eis
83%
0160 Impergator
82%
0081 Lahmus Psycho
82%
0080 Flegmon Psycho
80%
0259 Moorabbel Boden
80%
0090 Muschas
80%
0117 Seemon
79%
0159 Tyracroc
79%
0138 Amonitas Gestein
78%
0091 Austos Eis
78%
0140 Kabuto Gestein
78%
0116 Seeper
78%
0139 Amoroso Gestein
77%
0141 Kabutops Gestein
77%
0394 Pliprin
77%
0054 Enton
76%
0055 Entoron
76%
0199 Laschoking Psycho
76%
0279 Pelipper Flug
76%
0278 Wingull Flug
76%
0171 Lanturn Elektro
75%
0501 Ottaro
74%
0656 Froxy
72%
0099 Kingler
72%
0098 Krabby
72%
0382 Kyogre
72%
0170 Lampi Elektro
72%
0270 Loturzel Pflanze
72%
0658 Quajutsu Unlicht
72%
0230 Seedraking Drache
72%
0503 Admurai
70%
0183 Marill Fee
70%
0184 Azumarill Fee
69%
0272 Kappalores Pflanze
68%
0245 Suicune
68%
0321 Wailord
68%
0365 Walraisa Eis
68%
0502 Zwottronin
68%
0349 Barschwa
67%
0271 Lombrero Pflanze
67%
0226 Mantax Flug
67%
0366 Perlu
67%
0186 Quaxo
67%
0319 Tohaido Unlicht
67%
0195 Morlord Boden
66%
0320 Wailmer
66%
0657 Amphizel
65%
0194 Felino Boden
65%
0484 Palkia Drache
64%
0350 Milotic
63%
0728 Robball
63%
0363 Seemops Eis
63%
0367 Aalabyss
62%
0318 Kanivanha Unlicht
62%
0364 Seejong Eis
61%
0340 Welsar Boden
61%
0211 Baldorfish Gift
59%
0730 Primarene Fee
59%
0339 Schmerbe Boden
59%
0418 Bamelin
58%
0368 Saganabyss
58%
0458 Mantirps Flug
57%
0419 Bojelin
56%
0369 Relicanth Gestein
56%
0223 Remoraid
56%
0222 Corasonn Gestein
54%
0456 Finneon
54%
0423 Gastrodon Boden
54%
0283 Gehweiher Käfer
54%
0342 Krebutack Unlicht
54%
0370 Liebiskus
54%
0729 Marikeck
54%
0224 Octillery
54%
0490 Manaphy
53%
0341 Krebscorps
52%
0422 Schalellos
52%
0457 Lumineon
51%
0592 Quabbel Geist
51%
0593 Apoquallyp Geist
50%
0489 Phione
50%
0581 Swaroness Flug
50%
0721 Volcanion Feuer
50%
0550 Barschuft
49%
0400 Bidifas Normal
49%
0537 Branawarz Boden
48%
0580 Piccolente Flug
47%
0536 Mebrana Boden
46%
0515 Sodamak
46%
0516 Sodachita
45%
0594 Mamolida
44%
0535 Schallquap
44%
0752 Aranestro Käfer
41%
0751 Araqua Käfer
41%
0818 Intelleon
41%
0647 Keldeo Kampf
41%
0816 Memmeon
39%
0748 Aggrostella Gift
37%
0564 Galapaflos Gestein
37%
0747 Garstella Gift
37%
0690 Algitt Gift
36%
0692 Scampisto
36%
0693 Wummer
36%
0779 Knirrfish Psycho
35%
0912 Kwaks
35%
0746 Lusardin
35%
0688 Bithora Gestein
34%
0565 Karippas Gestein
34%
0689 Thanathora Gestein
34%
0817 Phlegleon
33%
0128 Tauros Kampf
33%
0768 Tectass Käfer
33%
0767 Reißlaus Käfer
31%
0771 Gufa
30%
0788 Kapu-Kime Fee
29%
0914 Bailonda Kampf
27%
0913 Fuentente
24%
0834 Kamalm Gestein
23%
0833 Kamehaps
23%
0847 Barrakiefa
21%
0845 Urgl Flug
21%
0846 Pikuda
20%
0977 Heerashai
17%
0883 Pescryodon Eis
17%
0964 Delfinator
16%
0978 Nigiragi Drache
16%
0902 Salmagnis Geist
16%
0976 Agiluza Psycho
15%
0963 Normifin
15%
0882 Pescragon Drache
15%
0892 Wulaosu Kampf
15%
0960 Schligda
13%
0961 Schligdri
13%
1009 Windewoge Drache
13%
0991 Eisenbündel Eis
11%
Keine übereinstimmenden Quizze gefunden
Verteilung der Resultate
Anzahl Personen mit jedem Resultat
Perzentil nach korrekt beantworteten Fragen
Ihre Resultats-Entwicklung
Sie haben dieses Quiz seit der letzten Aktualisierung nicht gespielt